000
00333 a2200157 4500
001
162621
020
_a
040
_c
Magnum
100
_a
França, Mary
240
1
0
_a
Contos de andersen: tommelise
_l
por
245
1
0
_a
Contos de andersen: tommelise
362
0
_a
1899
440
1
_a
Ática
697
_a
IJ/CONTOS
942
_c
BK
999
_c
162621
_d
162621